Economía feminista y economía del cuidado: aportes conceptuales para el estudio de la desigualdad /

Guardado en:
Bibliografiske detaljer
Hovedforfatter: Rodríguez Enríquez, Corina
Format: Texto
Tags: Tilføj Tag
Ingen Tags, Vær først til at tagge denne postø!

MARC

LEADER 00000 a a2200000 04500
001 48764
003
040
100 |a Rodríguez Enríquez, Corina  
245 |a Economía feminista y economía del cuidado:   |b aportes conceptuales para el estudio de la desigualdad /  |c Corina Rodríguez Enríquez  
773 |a número256, (2015), páginas 30-44  
999 |c 27059  |d 27059